Chuẩn mực hóa và công thức hóa cấu trúc câu văn

Gardado en:
Detalles Bibliográficos
Autor Principal: Hà Huy Thái
Formato: Libro
Idioma:Undetermined
Publicado: Hà Nội VHTT 2001
Những chủ đề:
Các nhãn: Engadir etiqueta
Sen Etiquetas, Sexa o primeiro en etiquetar este rexistro!
Thư viện lưu trữ: Trung tâm Học liệu Trường Đại học Cần Thơ
LEADER 00535nam a2200169Ia 4500
001 CTU_43699
008 210402s9999 xx 000 0 und d
082 |a 495.9225 
082 |b Th103 
100 |a Hà Huy Thái 
245 0 |a Chuẩn mực hóa và công thức hóa cấu trúc câu văn 
245 0 |c Hà Huy Thái 
260 |a Hà Nội 
260 |b VHTT 
260 |c 2001 
650 |a vietnamese language - grammar,vietnamese language - syntax 
980 |a Trung tâm Học liệu Trường Đại học Cần Thơ